Disease, Syndrome, or Both? - Statistics

General Stats
  • This quiz has been taken 19 times
  • The average score is 23 of 60
Answer Stats
Hint Answer % Correct
Celiac Disease
71%
Paget Disease
64%
Hashimoto Disease
64%
Creutzfeldt–Jakob Disease
64%
Lazarus Syndrome
64%
Hand, foot, and mouth Disease
57%
Graves Disease
57%
Lou Gehrig Disease
57%
Peyronie Disease
57%
Cat-scratch Disease
50%
Fabry Disease
50%
Coats Disease
50%
Ehlers–Danlos Syndrome
50%
Holiday heart Syndrome
50%
Marfan Syndrome
50%
Munchausen Syndrome
50%
Alice in Wonderland Syndrome
50%
Gaucher Disease
43%
Wilson Disease
43%
Legionnaire Disease
43%
Addison Disease
43%
von Willebrand Disease
43%
Prader-Willi Syndrome
43%
Jerusalem Syndrome
43%
Guillain-Barré Syndrome
43%
Cockayne Syndrome
43%
Diogenes Syndrome
43%
Berserk llama Syndrome
43%
Chagas Disease
36%
Huntington Disease
36%
Dutch elm Disease
36%
Bluetongue Disease
36%
Tay-Sachs Disease
36%
Havana Syndrome
36%
Capgras Syndrome
36%
Cushing Syndrome
36%
Stevens–Johnson Syndrome
36%
Löfgren Syndrome
36%
Noonan Syndrome
36%
Rett Syndrome
36%
Cotard Syndrome
36%
Williams Syndrome
36%
Foerster Syndrome
36%
Gilbert Syndrome
29%
Irukandji Syndrome
29%
Kabuki Syndrome
29%
Dravet Syndrome
29%
McLeod Syndrome
29%
Rapunzel Syndrome
29%
Lima Syndrome
29%
Ménière Both
21%
Fifth Disease
21%
Wernicke–Korsakoff Syndrome
21%
Stendhal Syndrome
21%
Sjögren Both
14%
Kawasaki Both
7%
Raynaud Both
7%
Erdheim–Chester Both
7%
Von Hippel-Lindau Both
7%
Crohn Both
0%
No matching quizzes found
Score Distribution
Percent of People with Each Score
Percentile by Number Answered
Your Score History
You have not taken this quiz